Výstava prác hendikepovaných umelcov

Bibliographic Details
Format: Article
Language:Slovak
PhysicalDescription:Fotogr.
ISSN:1339-049X
Subjects:

MARC

LEADER 00000nab a2200000 ar4500
001 vtls011533075
003 SK-MaSNL
005 20260303094317.0
008 160307c 2014xo mr|p|||||||000 b|slo
038 |a SNSK 
040 |b slo  |c SNSK  |e AACR2 
041 |a slo 
044 |a xo  |c SK 
080 |a 06.064  |x (437.672.121.142  |2 2001 
080 |a 7.071.1  |x -056.37  |2 2001 
080 |a 7.071.1  |x -056.24  |2 2001 
245 0 0 |a Výstava prác hendikepovaných umelcov  |c [autor] Eda, foto: autorka 
300 |b Fotogr. 
610 2 7 |a Remeselná dielňa (Spišská Nová Ves, Slovensko )  |2 snsk  |9 1092416 
650 0 7 |a remeselná výroba  |2 snsk  |9 2354 
650 0 7 |a výstavy  |2 snsk  |9 2780 
650 0 7 |a hendikepovaní umelci  |2 snsk  |9 1106444 
651 7 |a Spišská Nová Ves (Slovensko)  |2 snsk  |9 28800 
773 0 |t Ičko. Informátor : kultúrno-spoločenský mesačník mesta Spišská Nová Ves  |g Č. 8 /2014, s. 6  |x 1339-049X 
852 |a SNSK  |b KIS3GCP 
999 |c 1820013  |d 1821943